000 02516cam a22005294i 4500
003 PE-LiUPU
005 20250731173336.0
008 150706s2008 miu rb 000 0 eng d
020 _a0802827063
020 _a9780802827067
035 _a(Sirsi) i9780802827067
040 _aPE-LiUPU
_bspa
_cPE-LiUPU
_erda
049 _aPRUA
082 0 4 _a223.207
_bG83
_221
100 1 _aGrogan, Geoffrey W.,
_eautor.
245 1 0 _aPsalms /
_cGeoffrey W. Grogan.
264 1 _aGrand Rapids, Michigan :
_bWilliam B. Eerdmans Pub. Co.,
_c2008.
300 _a490 páginas ;
_c24 centímetros
336 _atext
_2rdacontent
337 _aunmediated
_2rdamedia
338 _avolume
_2rdacarrier
504 _aBibliografía: páginas 436-447.
504 _aÍndice: páginas 448-490.
505 0 _aThe familiar and yet unfamiliar world of the Psalms -- Textual criticism -- Sense Rhythms of the Psalms -- Historical and source criticism -- Superscriptions -- PSalm genres and form criticism -- Redaction criticism -- Canonical criticism -- Rhetorical or literary criticism -- Reader-oriented criticism -- Appraisal of the various types of criticism -- Use of the Psalms today -- Excursus: The Davidic Psalms.
526 _aSEG42
526 _aSEG41
526 _aSEG40
526 _aSEG39
526 _aP94
526 _aP87
526 _aP86
526 _aP85
526 _aP77
526 _aP76
526 _aP35
541 _g104-3776787-4588217;
541 _g8238765;
630 _aBiblia.
_pA.T.
_pSalmos
_xComentarios.
910 _agl
_bjv
_clch
_d20090807
942 _2ddc
_cBOOK
949 _a223.207 G83
_wDEWEY
_c1
_i60968
_d2016-6-20
_e2016-6-19
_lCCODEBUL1
_mBUL
_n2
_p25.00
_q1
_r0
_sY
_tBOOK
_u2015-7-6
_xTEOLOGIA
_zUNKNOWN
_0COMPRA
_o.STAFF. Colección General
949 _a223.207 G83
_wDEWEY
_c2
_i59785
_d2016-11-24
_e2016-11-24
_lCCODEBUL1
_mBUL
_n1
_p30.00
_r0
_sY
_tBOOK
_u2015-7-6
_xTEOLOGIA
_PP85
_0COMPRA
_o.STAFF. Colección General
994 _aC0
_bPEPRU
596 _a1
999 _a223.207 G83
_wDEWEY
_c49316
_i60968
_d49316
_e2019-9-20
_f2021-11-9
_g6
_lCCODEBUL1
_mBUL
_n6
_p25.00
_q8
_r0
_sY
_tBOOK
_u2015-7-6
_xTEOLOGIA
_PP35
_0COMPRA
_o.STAFF. Colección Teología
999 _a223.207 G83
_wDEWEY
_c2
_i59785
_d2019-9-23
_e2016-11-24
_f2021-11-9
_g5
_lCCODEBUL1
_mBUL
_n1
_p30.00
_q11
_r0
_sY
_tBOOK
_u2015-7-6
_xTEOLOGIA
_PP85
_0COMPRA
_o.STAFF. Colección Teología
980 _81
_gALBERTO SANCHEZ Responsable de Automatización